RCM2 - nový pohľad na manažérstvo základných prostriedkov v stredoeurópskom regióne

Hľadanie cieľavedomého modelu pre manažérstvo základných prostriedkov, ktorý zlučuje nové techniky a vývoj do premysleného systému. Nové koncepty a postupy pre správu hmotného majetku. Manažment hmotných prostriedkov a RCM (Reliability Centred Maintenance). Postup podľa metódy RCM2. Proces voľby čin...

Description complète

Enregistré dans:
Détails bibliographiques
Auteur principal: Horváth, Ladislav
Format: Chapitre de livre
Langue:slovaque
Sujets:
Tags: Ajouter un tag
Pas de tags, Soyez le premier à ajouter un tag!

MARC

LEADER 00000naa a2200000 4500
001 r041235
005 20231002070012.7
041 0 |a slo 
044 |a SK 
245 1 0 |a RCM2 - nový pohľad na manažérstvo základných prostriedkov v stredoeurópskom regióne  |c Ladislav Horváth 
520 |a Hľadanie cieľavedomého modelu pre manažérstvo základných prostriedkov, ktorý zlučuje nové techniky a vývoj do premysleného systému. Nové koncepty a postupy pre správu hmotného majetku. Manažment hmotných prostriedkov a RCM (Reliability Centred Maintenance). Postup podľa metódy RCM2. Proces voľby činností podľa metódy RCM2. Prínos RCM. 
610 2 0 |a majetok hmotný 
610 2 0 |a prostriedky základné 
610 2 0 |a manažment 
610 2 0 |a metódy 
610 2 0 |a RCM 
610 2 0 |a kritériá rozhodovania 
100 1 |a Horváth, Ladislav